[Event "SC Rochade Emsdetten 1 - SC Klein-Berli"]
[Site "Regionalliga Münsterland 2018"]
[Date "2019.05.11"]
[Round "9.1"]
[White "Bruemmer, Frank"]
[Black "Kabatianski, Alexander"]
[Result "1-0"]
[WhiteElo "2160"]
[BlackElo "2328"]
[PlyCount "60"]
[EventDate "2019.??.??"]
[SourceDate "2019.06.08"]

1. d4 Nf6 2. Nf3 e6 3. e3 b6 4. Bd3 Bb7 5. Nbd2 d5 6. O-O Bd6 7. b3 O-O 8. Bb2
c5 9. Ne5 Nc6 10. f4 Ne7 11. Rf3 c4 12. bxc4 dxc4 13. Ndxc4 Bxf3 14. Qxf3 Nfd5
15. Rf1 b5 16. Nd2 Nb4 17. Be4 Rc8 18. c3 Nbd5 19. Bb1 f5 20. e4 Nf6 21. exf5
exf5 22. Qe2 a6 23. Ndf3 h6 24. Bc2 Nfd5 25. Bb3 Rf6 26. Qd3 Kh8 27. Nh4 Nxf4
28. Rxf4 Bxe5 29. Rxf5 Rxf5 30. Ng6+ Kh7 1-0

[Event "SC Rochade Emsdetten 1 - SC Klein-Berli"]
[Site "Regionalliga Münsterland 2018"]
[Date "2019.05.11"]
[Round "9.2"]
[White "Lehmann, Holger"]
[Black "Henneberger, Sven"]
[Result "1/2-1/2"]
[WhiteElo "2139"]
[BlackElo "2049"]
[PlyCount "85"]
[EventDate "2019.??.??"]
[SourceDate "2019.06.08"]

1. c4 c5 2. Nc3 Nf6 3. e3 Nc6 4. d4 e6 5. Nf3 d5 6. a3 Ne4 7. Bd3 Nxc3 8. bxc3
Be7 9. O-O dxc4 10. Bxc4 Bf6 11. a4 O-O 12. Ba3 Be7 13. e4 Qa5 14. d5 exd5 15.
exd5 Nb8 16. Bb5 Bd6 17. Qc2 h6 18. h3 Bd7 19. Bxd7 Nxd7 20. c4 Qc7 21. Bb2
Rfe8 22. Rfe1 Rad8 23. Qc3 f6 24. Qc2 Nf8 25. Bc3 Kf7 26. a5 Rxe1+ 27. Rxe1 Re8
28. Rxe8 Kxe8 29. Nh4 Kf7 30. Nf5 Qd7 31. Qe4 Ng6 32. g3 Ne7 33. Nxh6+ Ke8 34.
Qh7 gxh6 35. Qh8+ Kf7 36. Qxf6+ Ke8 37. Qh8+ Kf7 38. Qxh6 Ke8 39. Qh8+ Kf7 40.
Qf6+ Ke8 41. Qh8+ Kf7 42. Qf6+ Ke8 43. h4 1/2-1/2

[Event "SC Rochade Emsdetten 1 - SC Klein-Berli"]
[Site "Regionalliga Münsterland 2018"]
[Date "2019.05.11"]
[Round "9.3"]
[White "Ottens, Stephan"]
[Black "Paalman, Henk Jan"]
[Result "1/2-1/2"]
[WhiteElo "2064"]
[BlackElo "2144"]
[PlyCount "64"]
[EventDate "2019.??.??"]
[SourceDate "2019.06.08"]

1. e4 e6 2. d4 d5 3. Nc3 Nf6 4. Bg5 Be7 5. e5 Nfd7 6. Bxe7 Qxe7 7. f4 O-O 8.
Nf3 c5 9. Nb5 Nc6 10. c3 f6 11. Bd3 cxd4 12. cxd4 a6 13. Nd6 f5 14. O-O h6 15.
h4 Nd8 16. Rc1 Nf7 17. Nxf7 Rxf7 18. Qb3 Qd8 19. Rc2 Nb8 20. Rfc1 Nc6 21. Qc3
Rc7 22. b4 Bd7 23. a3 Rcc8 24. Qe1 Ne7 25. Rc5 b6 26. Rxc8 Nxc8 27. Qc3 a5 28.
b5 Na7 29. a4 Rc8 30. Qd2 Rxc1+ 31. Qxc1 Qc8 32. Qxc8+ Nxc8 1/2-1/2

[Event "SC Rochade Emsdetten 1 - SC Klein-Berli"]
[Site "Regionalliga Münsterland 2018"]
[Date "2019.05.11"]
[Round "9.4"]
[White "Ortmeier, Leonhard"]
[Black "Averkamp Peters, Jens"]
[Result "1/2-1/2"]
[WhiteElo "2107"]
[BlackElo "1922"]
[PlyCount "74"]
[EventDate "2019.??.??"]
[SourceDate "2019.06.08"]

1. e4 d5 2. exd5 Nf6 3. d4 c6 4. Bd3 cxd5 5. Ne2 Nc6 6. c3 e5 7. dxe5 Nxe5 8.
Bb5+ Bd7 9. Bxd7+ Qxd7 10. O-O Bd6 11. Bf4 O-O 12. Nd2 Rfe8 13. Nd4 Ne4 14.
N2f3 Rad8 15. Bxe5 Bxe5 16. Nxe5 Rxe5 17. Re1 Rde8 18. Nf3 R5e7 19. Qd4 b6 20.
Rad1 Ng5 21. Rxe7 Nxf3+ 22. gxf3 Qxe7 23. Qxd5 h6 24. a3 Qe2 25. Rd2 Qe1+ 26.
Kg2 Re6 27. Rd4 Re2 28. Qd8+ Kh7 29. Qh4 g5 30. Qg3 Rxb2 31. f4 g4 32. f5 Rb1
33. Qxg4 Qg1+ 34. Kf3 Qxh2 35. Rd7 Qh1+ 36. Qg2 Qh5+ 37. Qg4 Qh1+ 1/2-1/2

[Event "SC Rochade Emsdetten 1 - SC Klein-Berli"]
[Site "Regionalliga Münsterland 2018"]
[Date "2019.05.11"]
[Round "9.5"]
[White "Langhanke, Guenther"]
[Black "Mueller, Achim"]
[Result "1/2-1/2"]
[WhiteElo "1932"]
[BlackElo "2049"]
[PlyCount "96"]
[EventDate "2019.??.??"]
[SourceDate "2019.06.08"]

1. e4 c6 2. d4 d5 3. exd5 cxd5 4. Bd3 Nc6 5. c3 Qc7 6. h3 Nf6 7. Ne2 e5 8. dxe5
Nxe5 9. Bb5+ Bd7 10. Bxd7+ Qxd7 11. Qd4 Bd6 12. O-O O-O 13. Bg5 Ne4 14. Bf4 Qf5
15. Bxe5 Bxe5 16. Qd3 Rad8 17. Nd2 Rfe8 18. Nd4 Qf4 19. N2f3 Bb8 20. Rfe1 g5
21. Qe3 Qf6 22. Rad1 h5 23. Nd2 g4 24. hxg4 hxg4 25. g3 Re7 26. Nxe4 Rxe4 27.
Qd2 Rde8 28. Rxe4 dxe4 29. Nc2 Kg7 30. Qd7 Qf3 31. Ne3 Re6 32. Rd5 Be5 33. Nxg4
Bxg3 34. Rg5+ Kh7 35. Qd4 Bxf2+ 36. Qxf2 Qxf2+ 37. Kxf2 Rb6 38. b4 Ra6 39. Ra5
Rg6 40. Ne3 Rf6+ 41. Rf5 Kg6 42. Rxf6+ Kxf6 43. Nc4 Ke6 44. Ke3 Kd5 45. Nd2 f5
46. c4+ Ke5 47. c5 f4+ 48. Ke2 Kd4 1/2-1/2

[Event "SC Rochade Emsdetten 1 - SC Klein-Berli"]
[Site "Regionalliga Münsterland 2018"]
[Date "2019.05.11"]
[Round "9.6"]
[White "Hiller, Simon"]
[Black "Bruemmer, Andreas"]
[Result "1-0"]
[WhiteElo "2136"]
[BlackElo "1906"]
[PlyCount "63"]
[EventDate "2019.??.??"]
[SourceDate "2019.06.08"]

1. Nf3 Nf6 2. c4 d6 3. d4 Nbd7 4. Nc3 c6 5. e4 e5 6. Be2 a6 7. O-O b5 8. a3 Be7
9. h3 Qc7 10. Be3 O-O 11. Rc1 bxc4 12. dxe5 dxe5 13. Bxc4 Rb8 14. Qe2 Nc5 15.
Bxc5 Bxc5 16. Bxa6 Bxa6 17. Qxa6 Ra8 18. Qc4 Qe7 19. Ne2 Nd7 20. Rfd1 Rfc8 21.
Rxd7 Bxf2+ 22. Kxf2 Qxd7 23. Nxe5 Qe7 24. Nf3 c5 25. Nc3 Rab8 26. Rc2 h6 27.
Nd5 Qe6 28. Ne3 Qe7 29. e5 g6 30. Nd5 Qa7 31. Kg3 Kh7 32. Qc3 1-0

[Event "SC Rochade Emsdetten 1 - SC Klein-Berli"]
[Site "Regionalliga Münsterland 2018"]
[Date "2019.05.11"]
[Round "9.7"]
[White "Hemmert, Michael"]
[Black "Lemli, Thomas"]
[Result "1/2-1/2"]
[WhiteElo "1787"]
[BlackElo "1979"]
[PlyCount "82"]
[EventDate "2019.??.??"]
[SourceDate "2019.06.08"]

1. d4 d5 2. Bf4 Nf6 3. e3 c5 4. c3 Nc6 5. Bd3 Qb6 6. Qc1 Bg4 7. f3 Bh5 8. Nd2
e6 9. dxc5 Bxc5 10. Nb3 Be7 11. Bg3 O-O 12. Nh3 e5 13. Nf2 Rac8 14. Qd2 Rfd8
15. Bf5 Ra8 16. O-O a5 17. Ng4 a4 18. Nc1 d4 19. cxd4 exd4 20. e4 Bxg4 21. fxg4
Bb4 22. Qf2 Qb5 23. e5 Nxe5 24. Bxe5 Qxe5 25. Nd3 Qb5 26. Rad1 Bf8 27. g5 Ne8
28. Bxh7+ Kxh7 29. Qxf7 Qxg5 30. Rf3 Rd6 31. Qxf8 Rf6 32. Rh3+ Kg6 33. Qh8 Kf7
34. Rg3 Qh6 35. Ne5+ Ke6 36. Qxh6 gxh6 37. Nf3 Rd8 38. Nxd4+ Kf7 39. Rgd3 Rfd6
40. Kf2 Nf6 41. Ke2 Re8+ 1/2-1/2

[Event "SC Rochade Emsdetten 1 - SC Klein-Berli"]
[Site "Regionalliga Münsterland 2018"]
[Date "2019.05.11"]
[Round "9.8"]
[White "Bilecen, Simon"]
[Black "Miethe, Christoph"]
[Result "1/2-1/2"]
[WhiteElo "1868"]
[BlackElo "1747"]
[PlyCount "85"]
[EventDate "2019.??.??"]
[SourceDate "2019.06.08"]

1. d4 d5 2. Bf4 e6 3. e3 c5 4. Nf3 c4 5. Be2 Nf6 6. O-O Nc6 7. b3 cxb3 8. cxb3
Bd7 9. Nbd2 Ba3 10. Ne5 O-O 11. Nd3 b6 12. Nb1 Be7 13. Nc3 a6 14. a3 Rc8 15.
Qd2 Na5 16. Qb2 b5 17. Rfc1 h6 18. Bf3 Qb6 19. Rc2 Rfe8 20. Rac1 Nc6 21. b4 a5
22. Nc5 axb4 23. axb4 Ra8 24. Be2 Na7 25. Be5 Bc6 26. Ra1 Bxc5 27. bxc5 Qb7 28.
Rb1 Nd7 29. Bd6 e5 30. dxe5 Nxe5 31. Bxe5 Rxe5 32. Nxb5 Qe7 33. Nxa7 Rxa7 34.
Qb8+ Kh7 35. h3 Ra8 36. Qd6 Qxd6 37. cxd6 Bd7 38. Rc7 Bf5 39. Rbb7 Be6 40. Bd3+
Kg8 41. Bb5 Rg5 42. Ra7 Rd8 43. d7 1/2-1/2

[Event "SG Turm Raesfeld/Erle 1 - SG Ahaus-Wess"]
[Site "Regionalliga Münsterland 2018"]
[Date "2019.05.11"]
[Round "9.1"]
[White "Wensing, Maximilian"]
[Black "Wilger, Frank"]
[Result "1/2-1/2"]
[WhiteElo "2092"]
[BlackElo "2085"]
[PlyCount "22"]
[EventDate "2019.??.??"]
[SourceDate "2019.06.08"]

1. c4 e6 2. g3 Nf6 3. Bg2 d5 4. Nf3 Be7 5. O-O O-O 6. b3 Nbd7 7. Bb2 b6 8. d3
Bb7 9. Nbd2 c5 10. cxd5 exd5 11. Ne5 Nxe5 1/2-1/2

[Event "SG Turm Raesfeld/Erle 1 - SG Ahaus-Wess"]
[Site "Regionalliga Münsterland 2018"]
[Date "2019.05.11"]
[Round "9.2"]
[White "Greifenberg, Daniel"]
[Black "Schulze Ameling, Hendrik"]
[Result "1/2-1/2"]
[WhiteElo "2051"]
[BlackElo "1983"]
[PlyCount "21"]
[EventDate "2019.??.??"]
[SourceDate "2019.06.08"]

1. d4 e6 2. Nf3 f5 3. g3 Nf6 4. Bg2 d5 5. O-O c6 6. Nbd2 b5 7. Ne5 Qd6 8. Nb3
a5 9. a4 b4 10. f3 Ba6 11. Re1 1/2-1/2

[Event "SG Turm Raesfeld/Erle 1 - SG Ahaus-Wess"]
[Site "Regionalliga Münsterland 2018"]
[Date "2019.05.11"]
[Round "9.4"]
[White "Borutta, Niklas"]
[Black "Diehlmann, Christian"]
[Result "1/2-1/2"]
[WhiteElo "2036"]
[BlackElo "1929"]
[PlyCount "32"]
[EventDate "2019.??.??"]
[SourceDate "2019.06.08"]

1. d4 Nf6 2. Nf3 d5 3. c4 e6 4. Nc3 c6 5. Bg5 Be7 6. e3 O-O 7. Bd3 h6 8. Bh4
Nbd7 9. O-O b6 10. a3 Bb7 11. b4 c5 12. dxc5 bxc5 13. cxd5 Nxd5 14. Bxe7 Qxe7
15. Nxd5 Bxd5 16. b5 Rfd8 1/2-1/2

[Event "SG Turm Raesfeld/Erle 1 - SG Ahaus-Wess"]
[Site "Regionalliga Münsterland 2018"]
[Date "2019.05.11"]
[Round "9.5"]
[White "Winking, Hendrik"]
[Black "Bergemann, Martin"]
[Result "1/2-1/2"]
[WhiteElo "1927"]
[BlackElo "1926"]
[PlyCount "28"]
[EventDate "2019.??.??"]
[SourceDate "2019.06.08"]

1. d4 Nf6 2. Nf3 c5 3. c3 cxd4 4. cxd4 d5 5. Nc3 Nc6 6. Bg5 e6 7. a3 Be7 8. e3
O-O 9. Bd3 h6 10. Bf4 a6 11. h3 Bd6 12. Bxd6 Qxd6 13. O-O Bd7 14. Rc1 Rac8
1/2-1/2

[Event "SG Turm Raesfeld/Erle 1 - SG Ahaus-Wess"]
[Site "Regionalliga Münsterland 2018"]
[Date "2019.05.11"]
[Round "9.8"]
[White "Broemmel, Chris"]
[Black "Messelink, Gerrit"]
[Result "1/2-1/2"]
[WhiteElo "1807"]
[BlackElo "1758"]
[PlyCount "26"]
[EventDate "2019.??.??"]
[SourceDate "2019.06.08"]

1. e4 d6 2. d4 Nf6 3. Nc3 g6 4. Be3 Bg7 5. f4 O-O 6. Nf3 Bg4 7. h3 Bxf3 8. Qxf3
Nc6 9. Bd3 e5 10. fxe5 dxe5 11. d5 Nb4 12. Rd1 Nxd3+ 13. cxd3 Nh5 1/2-1/2

[Event "SK Bocholt 1 - SK Münster 3"]
[Site "Regionalliga Münsterland 2018"]
[Date "2019.05.11"]
[Round "9.1"]
[White "Borrink, Joern"]
[Black "Fuest, Martin"]
[Result "0-1"]
[WhiteElo "2119"]
[BlackElo "2122"]
[PlyCount "74"]
[EventDate "2019.??.??"]
[SourceDate "2019.06.08"]

1. e4 c6 2. d4 d5 3. e5 c5 4. c3 cxd4 5. cxd4 Nc6 6. Nc3 Bf5 7. Bd3 Bxd3 8.
Qxd3 e6 9. Nf3 Nge7 10. Bg5 Qb6 11. Qb5 Nf5 12. g4 Nh6 13. h3 Bb4 14. Qxb6 axb6
15. Bd2 Bxc3 16. Bxc3 Ng8 17. a4 Nge7 18. b4 h5 19. g5 Kd7 20. Kd2 g6 21. Kd3
Ra7 22. b5 Na5 23. Rhb1 Nc4 24. Nd2 Nxd2 25. Bxd2 Rha8 26. Rb4 Nf5 27. Ra3 Rc8
28. Rc3 Raa8 29. Rxc8 Rxc8 30. Bc3 Nh4 31. Bd2 Nf3 32. Be3 Ne1+ 33. Kd2 Nc2 34.
Rb2 Na3 35. Rb3 Rc2+ 36. Ke1 Ra2 37. a5 bxa5 0-1

[Event "SK Bocholt 1 - SK Münster 3"]
[Site "Regionalliga Münsterland 2018"]
[Date "2019.05.11"]
[Round "9.2"]
[White "Liesmann, Karsten"]
[Black "Virnyi, Julius"]
[Result "0-1"]
[WhiteElo "1998"]
[BlackElo "2039"]
[PlyCount "90"]
[EventDate "2019.??.??"]
[SourceDate "2019.06.08"]

1. d4 Nf6 2. Nf3 e6 3. e3 c5 4. Bd3 b6 5. O-O Bb7 6. c4 Be7 7. Nc3 cxd4 8. exd4
d6 9. Qe2 O-O 10. Bg5 Nbd7 11. Rad1 Re8 12. Rfe1 a6 13. Ne4 Nxe4 14. Bxe7 Qxe7
15. Bxe4 Nf6 16. Bxb7 Qxb7 17. b4 a5 18. Rb1 axb4 19. Rxb4 Qa7 20. a4 h6 21.
Reb1 Nd7 22. h3 Qc7 23. Qe4 Rec8 24. R1b2 d5 25. cxd5 Nf6 26. d6 Qxd6 27. Qe5
Rc1+ 28. Kh2 Qxe5+ 29. dxe5 Nd5 30. Rd4 Ra1 31. g3 R8xa4 32. Rdd2 Re4 33. Kg2
g5 34. Rdc2 Kg7 35. Rc8 Raa4 36. Rbc2 b5 37. R2c6 Rac4 38. Rxc4 Rxc4 39. Rb8 b4
40. Rb7 Rc1 41. Nd4 Rc7 42. Rb8 Rc4 43. Nb5 b3 44. Nd6 Rb4 45. Ne8+ Kg6 0-1

[Event "SK Bocholt 1 - SK Münster 3"]
[Site "Regionalliga Münsterland 2018"]
[Date "2019.05.11"]
[Round "9.5"]
[White "Hartmann, Steffen"]
[Black "Steiner, Karl"]
[Result "1/2-1/2"]
[WhiteElo "1923"]
[BlackElo "1892"]
[PlyCount "94"]
[EventDate "2019.??.??"]
[SourceDate "2019.06.08"]

1. e4 d6 2. Nc3 e5 3. d4 exd4 4. Qxd4 Nc6 5. Bb5 Bd7 6. Bxc6 Bxc6 7. Nge2 Nf6
8. Bg5 Be7 9. O-O-O Nxe4 10. Bxe7 Qxe7 11. Rhe1 O-O 12. Nf4 f5 13. Ncd5 Bxd5
14. Nxd5 Qf7 15. f3 Nf6 16. Ne7+ Kh8 17. Kb1 Ng8 18. Nd5 Rfe8 19. a3 a6 20. h4
Nf6 21. Nf4 Rxe1 22. Rxe1 Re8 23. Rxe8+ Qxe8 24. Qd3 Qe5 25. Qd2 Kg8 26. h5 c6
27. Nd3 Qh2 28. Nf4 Qg1+ 29. Ka2 Qc5 30. Qe2 Qe5 31. Qd2 Nd5 32. Nd3 Qe3 33.
Qa5 Qb6 34. Qd2 Qe3 35. Qa5 Qb6 36. Qd2 Qd4 37. Qa5 Qc4+ 38. Kb1 b6 39. Qe1 Kf7
40. Qf2 c5 41. Qg3 Ne3 42. Qxd6 Qxc2+ 43. Ka1 Nc4 44. Qd7+ Kf6 45. Qd8+ Kf7 46.
Qd7+ Kf6 47. Qd8+ Kf7 1/2-1/2

[Event "SK Bocholt 1 - SK Münster 3"]
[Site "Regionalliga Münsterland 2018"]
[Date "2019.05.11"]
[Round "9.6"]
[White "Hunhoff, Andreas"]
[Black "Kamp, Aaron"]
[Result "1-0"]
[WhiteElo "1793"]
[BlackElo "1848"]
[PlyCount "61"]
[EventDate "2019.??.??"]
[SourceDate "2019.06.08"]

1. f4 Nf6 2. Nf3 d5 3. e3 g6 4. Be2 Bg7 5. O-O O-O 6. d3 c5 7. Nc3 Nc6 8. Kh1
d4 9. exd4 Nxd4 10. Ne4 b6 11. c3 Nxe2 12. Qxe2 Bb7 13. Nfg5 h6 14. Nxf6+ exf6
15. Nf3 Re8 16. Be3 Ba6 17. Rad1 f5 18. Rfe1 Qd6 19. Qd2 Bb7 20. Ne5 Bxe5 21.
fxe5 Rxe5 22. Bxh6 Rxe1+ 23. Rxe1 Rd8 24. Kg1 Qc6 25. Re3 Qd5 26. a3 Ba6 27.
Bg5 Rd6 28. Re8+ Kh7 29. Qe1 f6 30. Qh4+ Kg7 31. Qh6+ 1-0

[Event "SK Bocholt 1 - SK Münster 3"]
[Site "Regionalliga Münsterland 2018"]
[Date "2019.05.11"]
[Round "9.7"]
[White "Kamp, Adrian"]
[Black "Burike, Christian"]
[Result "1-0"]
[WhiteElo "1853"]
[BlackElo "1677"]
[PlyCount "55"]
[EventDate "2019.??.??"]
[SourceDate "2019.06.08"]

1. e4 e6 2. d4 d5 3. Nd2 c5 4. exd5 exd5 5. Ngf3 Nc6 6. Bb5 a6 7. Bxc6+ bxc6 8.
O-O Bd6 9. dxc5 Bxc5 10. Nb3 Bd6 11. c4 Ne7 12. cxd5 cxd5 13. Nfd4 O-O 14. Qf3
Bb7 15. Bf4 Rc8 16. Rac1 Qd7 17. Bxd6 Qxd6 18. Qd3 Ng6 19. Nf5 Qb6 20. Nbd4
Rfd8 21. h4 Qf6 22. Qg3 Ne7 23. Nxe7+ Qxe7 24. Rxc8 Rxc8 25. Nf5 Qf8 26. Re1
Kh8 27. Nd6 Rb8 28. Nxf7+ 1-0

[Event "SK Bocholt 1 - SK Münster 3"]
[Site "Regionalliga Münsterland 2018"]
[Date "2019.05.11"]
[Round "9.8"]
[White "Boeing, Frank"]
[Black "Schroeder, Lennart"]
[Result "1/2-1/2"]
[WhiteElo "1822"]
[BlackElo "1803"]
[PlyCount "35"]
[EventDate "2019.??.??"]
[SourceDate "2019.06.08"]

1. d4 e6 2. Nf3 f5 3. c4 Nf6 4. Nc3 d5 5. e3 c6 6. Bd3 Bd6 7. Qb3 O-O 8. O-O
Ne4 9. cxd5 cxd5 10. Nb5 Nc6 11. Nxd6 Qxd6 12. Bd2 Rf6 13. Bxe4 fxe4 14. Ne5
Rh6 15. Bc3 b6 16. Qb5 Bd7 17. Qe2 Rf8 18. f4 1/2-1/2

[Event "SK Münster 2 - SC Steinfurt 1"]
[Site "Regionalliga Münsterland 2018"]
[Date "2019.05.11"]
[Round "9.2"]
[White "Seegers, Hendrik"]
[Black "Rieke, Theo"]
[Result "1/2-1/2"]
[WhiteElo "2060"]
[BlackElo "1953"]
[PlyCount "62"]
[EventDate "2019.??.??"]
[SourceDate "2019.06.08"]

1. d4 d5 2. Nf3 Nf6 3. Bf4 Bf5 4. e3 e6 5. Bd3 Bxd3 6. Qxd3 c6 7. Nbd2 Bd6 8.
O-O O-O 9. Rfe1 Bxf4 10. exf4 Nbd7 11. f5 exf5 12. Qxf5 Qc7 13. Re3 Rae8 14.
Rae1 h6 15. Ne5 Nxe5 16. dxe5 Nd7 17. Nf3 Re7 18. h4 Rfe8 19. e6 fxe6 20. Rxe6
Nf8 21. R6e5 Qd6 22. c3 Nd7 23. Rxe7 Rxe7 24. Rxe7 Qxe7 25. Qf4 Nf8 26. g3 a6
27. Kg2 Qe2 28. Qc7 Qxb2 29. Ne5 Qxc3 30. Qf7+ Kh7 31. Qf5+ Kg8 1/2-1/2

[Event "SK Münster 2 - SC Steinfurt 1"]
[Site "Regionalliga Münsterland 2018"]
[Date "2019.05.11"]
[Round "9.3"]
[White "Arning, Marcus"]
[Black "Kaufhold, Thomas"]
[Result "1-0"]
[WhiteElo "1903"]
[BlackElo "2035"]
[PlyCount "31"]
[EventDate "2019.??.??"]
[SourceDate "2019.06.08"]

1. d4 Nf6 2. c4 e5 3. dxe5 Ng4 4. e4 Nxe5 5. f4 Ng6 6. Nc3 Bc5 7. Qh5 b6 8. Nf3
Nc6 9. f5 Nge5 10. Bg5 Be7 11. Bxe7 Qxe7 12. Nd5 Nxf3+ 13. gxf3 Qe5 14. O-O-O
O-O 15. f4 Qxe4 16. Bd3 1-0

[Event "SK Münster 2 - SC Steinfurt 1"]
[Site "Regionalliga Münsterland 2018"]
[Date "2019.05.11"]
[Round "9.4"]
[White "Wingenfeld, Klaus"]
[Black "Janning, Rainer"]
[Result "1/2-1/2"]
[WhiteElo "1895"]
[BlackElo "1876"]
[PlyCount "101"]
[EventDate "2019.??.??"]
[SourceDate "2019.06.08"]

1. d4 d5 2. Bf4 c6 3. Nd2 f5 4. Ngf3 Nf6 5. e3 e6 6. c4 Be7 7. Bd3 O-O 8. Qc2
Ne4 9. a3 Nd7 10. Ne5 Nxe5 11. Bxe5 Bf6 12. Nf3 Ng5 13. Nxg5 Bxg5 14. f4 Bf6
15. O-O Bxe5 16. fxe5 Bd7 17. c5 h6 18. Rac1 Qg5 19. Qf2 Rf7 20. Qf4 Qxf4 21.
exf4 a5 22. Ra1 Rff8 23. b4 axb4 24. axb4 Rfb8 25. Rfb1 Rxa1 26. Rxa1 b6 27.
Rb1 Kf8 28. Kf2 Ke7 29. Ke3 bxc5 30. bxc5 Rxb1 31. Bxb1 Be8 32. Bd3 Bh5 33. Bc2
Be8 34. h3 g6 35. g4 Bf7 36. Kf3 Be8 37. Kg3 Kf7 38. Kh4 Ke7 39. Bd1 Bf7 40.
gxf5 exf5 41. Bc2 Be6 42. Kg3 Kd7 43. h4 h5 44. Kf3 Kc7 45. Ke3 Kb7 46. Ba4 Kc7
47. Kd2 Kb7 48. Kc3 Kc7 49. Kb4 Bd7 50. Ka5 Be6 51. Bd1 1/2-1/2

[Event "SK Münster 2 - SC Steinfurt 1"]
[Site "Regionalliga Münsterland 2018"]
[Date "2019.05.11"]
[Round "9.5"]
[White "Schulz, Joachim"]
[Black "Meyer, Ulrich"]
[Result "1-0"]
[WhiteElo "1877"]
[BlackElo "1867"]
[PlyCount "85"]
[EventDate "2019.??.??"]
[SourceDate "2019.06.08"]

1. e4 c5 2. Nf3 Nc6 3. Bb5 e6 4. O-O Nge7 5. c3 a6 6. Ba4 g6 7. d3 Bg7 8. Be3
d6 9. Qc1 O-O 10. Rd1 b5 11. Bc2 Bb7 12. d4 cxd4 13. Nxd4 Qc7 14. Nxc6 Qxc6 15.
Bg5 Rfe8 16. Nd2 f5 17. Nb3 a5 18. Bxe7 Rxe7 19. Qg5 Ree8 20. Nd4 Bxd4 21. Rxd4
e5 22. Bb3+ Kg7 23. Bd5 Qc7 24. Bxb7 Rab8 25. Rd3 h6 26. Qd2 Rxb7 27. exf5 gxf5
28. Rxd6 f4 29. Qd3 Qf7 30. Qh3 h5 31. Rad1 Ree7 32. Qh4 Qf5 33. h3 Rf7 34. Qd8
a4 35. R1d5 f3 36. Rd3 Rf8 37. Qh4 Rbf7 38. g4 hxg4 39. Qh6+ Kg8 40. Rg6+ Qxg6
41. Qxg6+ Rg7 42. Qe6+ Kh7 43. Rd7 1-0

[Event "SK Münster 2 - SC Steinfurt 1"]
[Site "Regionalliga Münsterland 2018"]
[Date "2019.05.11"]
[Round "9.6"]
[White "Peters, Helmut"]
[Black "Yust, Evgeniy"]
[Result "1/2-1/2"]
[WhiteElo "1941"]
[BlackElo "1897"]
[PlyCount "111"]
[EventDate "2019.??.??"]
[SourceDate "2019.06.08"]

1. Nf3 f5 2. c4 Nf6 3. Nc3 d6 4. g3 g6 5. Bg2 Bg7 6. O-O O-O 7. d4 Nc6 8. Qc2
Bd7 9. Rb1 e5 10. e3 f4 11. dxe5 dxe5 12. e4 Nh5 13. Rd1 Qc8 14. Nd5 Bg4 15.
Rd3 Kh8 16. b4 Bxf3 17. Bxf3 Nd4 18. Qd1 Nxf3+ 19. Rxf3 c6 20. Nc3 Qe6 21. c5
Rad8 22. Rd3 Rd4 23. Rb3 Qh3 24. Rxd4 exd4 25. Nb1 fxg3 26. hxg3 Nf6 27. Nd2
Ng4 28. Nf3 Qh1+ 29. Kxh1 Nxf2+ 30. Kg2 Nxd1 31. Rd3 Nc3 32. Bb2 Nxe4 33. Bxd4
Bxd4 34. Rxd4 Nf6 35. a4 Re8 36. Ng5 Kg7 37. Rd6 Re7 38. Ne6+ Kh6 39. Nd8 Ne4
40. Rd4 Nc3 41. Rd3 Nd5 42. Rd4 a6 43. b5 axb5 44. axb5 Ne3+ 45. Kf3 Nf5 46.
Rb4 cxb5 47. Kf4 Rd7 48. Ne6 Rf7 49. Ke5 Nxg3 50. Rxb5 Rd7 51. Rb3 Nh5 52. Rh3
g5 53. Kf5 Rf7+ 54. Kg4 Kg6 55. Rxh5 h6 56. Nxg5 1/2-1/2

[Event "SK Münster 2 - SC Steinfurt 1"]
[Site "Regionalliga Münsterland 2018"]
[Date "2019.05.11"]
[Round "9.7"]
[White "Raus, Michael"]
[Black "Ollech, Dirk"]
[Result "0-1"]
[WhiteElo "1737"]
[BlackElo "1884"]
[PlyCount "64"]
[EventDate "2019.??.??"]
[SourceDate "2019.06.08"]

1. e4 c5 2. Nc3 d6 3. f4 Nc6 4. Nf3 Nf6 5. d3 g6 6. g3 Bg7 7. Bg2 O-O 8. O-O
Rb8 9. h3 b5 10. Be3 b4 11. Ne2 a5 12. Nh4 Qc7 13. f5 Ne5 14. Qd2 c4 15. d4 c3
16. bxc3 Nc4 17. Qc1 Nxe3 18. Qxe3 Ba6 19. Rf2 Bxe2 20. Rxe2 Qxc3 21. Qxc3 bxc3
22. a4 Nh5 23. Nf3 Nxg3 24. Re3 gxf5 25. e5 Rb2 26. Kh2 Ne4 27. Re2 Bh6 28. Ra3
Rb1 29. Re1 Rfb8 30. Ra1 R1b2 31. Re2 Bf4+ 32. Kg1 Ng3 0-1

[Event "SK Münster 2 - SC Steinfurt 1"]
[Site "Regionalliga Münsterland 2018"]
[Date "2019.05.11"]
[Round "9.8"]
[White "Emunds, Hans Georg"]
[Black "Schmitz, Carolin"]
[Result "1-0"]
[WhiteElo "2064"]
[BlackElo "1653"]
[PlyCount "63"]
[EventDate "2019.??.??"]
[SourceDate "2019.06.08"]

1. b4 d5 2. Bb2 e6 3. e3 Nf6 4. b5 Bd6 5. Nf3 O-O 6. c4 c6 7. a4 Nbd7 8. Nc3
Nb6 9. d3 cxb5 10. cxb5 Nbd7 11. Be2 b6 12. O-O Bb7 13. a5 bxa5 14. Nd4 Rc8 15.
Na4 Nb6 16. Qb3 Nfd7 17. Rfc1 Qg5 18. Ba3 Bxa3 19. Qxa3 Nxa4 20. Qxa4 Rxc1+ 21.
Rxc1 Qd8 22. Nb3 Nb8 23. Qxa5 a6 24. Rc7 Bc8 25. b6 Qd6 26. d4 Nc6 27. Qc5 Qxc5
28. Nxc5 Na5 29. b7 Nxb7 30. Nxb7 Bxb7 31. Rxb7 Ra8 32. Bxa6 1-0

[Event "SC Gronau 1 - SF Olfen 1"]
[Site "Regionalliga Münsterland 2018"]
[Date "2019.05.11"]
[Round "9.1"]
[White "Koke, Christoph"]
[Black "Buendgen, Achim"]
[Result "1-0"]
[WhiteElo "2078"]
[BlackElo "2083"]
[PlyCount "107"]
[EventDate "2019.??.??"]
[SourceDate "2019.06.08"]

1. d4 Nf6 2. c4 c5 3. d5 e6 4. Nc3 exd5 5. cxd5 d6 6. g3 g6 7. Bg2 Bg7 8. Nf3
O-O 9. O-O a6 10. a4 Re8 11. Nd2 Nbd7 12. h3 Rb8 13. a5 b5 14. axb6 Nxb6 15.
Qc2 Nh5 16. Rd1 f5 17. e3 Qc7 18. Bf1 Ra8 19. Nc4 Nxc4 20. Bxc4 Nf6 21. b3 Ne4
22. Bb2 Ng5 23. Kg2 Nf7 24. Ne2 Ne5 25. Bxe5 Bxe5 26. Ra2 Qd7 27. Nf4 Bxf4 28.
exf4 Bb7 29. Qd3 Re4 30. h4 Qf7 31. Qf3 a5 32. Qc3 Qg7 33. Qxg7+ Kxg7 34. f3
Rd4 35. Rxd4 cxd4 36. Kf2 Kf6 37. Ke2 Re8+ 38. Kf2 Ra8 39. Ra4 Ke7 40. Ke2 Kd7
41. Kd3 Kc7 42. Kxd4 Kb6 43. g4 Bc8 44. g5 Bd7 45. Ra1 a4 46. bxa4 Rxa4 47.
Rxa4 Bxa4 48. Bd3 Bd1 49. Bxf5 Bxf3 50. Be6 Kc7 51. Bg8 Kd7 52. Bxh7 Bh5 53. f5
gxf5 54. g6 1-0

[Event "SC Gronau 1 - SF Olfen 1"]
[Site "Regionalliga Münsterland 2018"]
[Date "2019.05.11"]
[Round "9.2"]
[White "Monsma, Menno"]
[Black "Boesel, Alexander"]
[Result "1-0"]
[WhiteElo "2061"]
[BlackElo "2040"]
[PlyCount "49"]
[EventDate "2019.??.??"]
[SourceDate "2019.06.08"]

1. e4 c5 2. Nf3 d6 3. d4 cxd4 4. Nxd4 Nf6 5. Nc3 g6 6. f3 Bg7 7. Be3 O-O 8. Qd2
Nc6 9. O-O-O Nxd4 10. Bxd4 Be6 11. Kb1 Qc7 12. h4 Rfc8 13. h5 Qa5 14. a3 Rab8
15. hxg6 hxg6 16. Rh2 b5 17. Qg5 d5 18. e5 b4 19. axb4 Qxb4 20. Na2 Qa4 21. Nc3
Rxc3 22. Bxc3 d4 23. Bxd4 Rc8 24. g4 Qxc2+ 25. Rxc2 1-0